000 01273nam a22003617a 4500
003 CHAP
005 20220329133314.0
008 971013s1989 r 00010 d
010 _a4633
011 _a5605
035 _a4819
040 _cCHAP
090 _aFolleto 13516
100 0 0 _aAlvarez A., Enrique G.
_94858
245 _aProducción de carne en praderas de RYE-Grass
260 _aMexicali, B. C. :
_bUniversidad Autónoma de Baja California,
_c1989
300 _a2 h.
490 _aCiencias Agrícolas Informa. Boletín de Difusión Técnica
_v; vol. 1-2
500 _aD54-11
590 _aBATCH-UPD
_b10
_c20130110
_lUCH01
_h0126
590 _aBATCH-UPD
_b10
_c20130110
_lUCH01
_h1349
590 _aBATCH-UPD
_b10
_c20130409
_lUCH01
_h2121
590 _aBATCH-UPD
_b10
_c20130410
_lUCH01
_h0846
590 _aBATCH-UPD
_b10
_c20130914
_lUCH01
_h0256
590 _aCONVERSION
_b10
_c20130109
_lUCH01
_h1304
650 1 4 _aGanado de carne
_xPastoreo.
_945101
650 1 4 _aGanado de carne
_xProducción.
_945104
710 0 _aUniversidad Autónoma de Baja California.
_9116299
830 0 _aCiencias Agrícolas Informa. Boletín de Difusión Técnica
_v; vol. 1-2
_923172
901 _aBK
942 _cFOLL
949 _aFolleto 13516
_bBC
_cFOLL
_d-14382
_eTS1
_i4819
_si
999 _c4633
_d4633